书目信息 |
| 题名: |
中文版AutoCAD 2004标准教程
|
|
| 作者: | 钟华 编著 | |
| 分册: | ||
| 出版信息: | 北京 中国宇航出版社 2004.05 |
|
| 页数: | 255页 | |
| 开本: | 26cm | |
| 丛书名: | "十五"全国计算机培训教育规划标准教材 | |
| 单 册: | ||
| 中图分类: | TP391.72-43 | |
| 科图分类: | ||
| 主题词: | 计算机辅助设计--图形软件--教材 | |
| 电子资源: | ||
| ISBN: | 7-80144-797-2 | |
| 000 | 00982nam 2200253 450 | |
| 001 | 0150419905 | |
| 005 | 20050719145649.89 | |
| 010 | @a7-80144-797-2@dCNY23.00 | |
| 100 | @a20050425d2004 km y0chiy0120 ea | |
| 101 | 0 | @achi |
| 102 | @aCN@b110000 | |
| 105 | @aa z 000yy | |
| 200 | 1 | @a中文版AutoCAD 2004标准教程@Azhong wen ban AutoCAD 2004 biao zhun jiao cheng@f钟华等编著@Fzhong hua deng bian zhu |
| 210 | @a北京@c中国宇航出版社@d2004.05 | |
| 215 | @a255页@c图@d26cm | |
| 225 | 2 | @a"十五"全国计算机培训教育规划标准教材 |
| 330 | @a本书全面讲述了AutoCAD2004中文版的基本操作以及二维、三维图形的绘制方法,包括AutoCAD2004界面与操作、环境设置、绘制和编辑二维三维图形、对象捕捉、填充图案、文字和尺寸标注等内容。 | |
| 410 | 0 | @12001 @a"十五"全国计算机培训教育规划标准教材 |
| 606 | 0 | @a计算机辅助设计@x图形软件@x教材 |
| 610 | 0 | @aAutoCAD 2004 |
| 690 | @aTP391.72-43@v4 | |
| 701 | 0 | @a钟华@Azhong hua@4编著 |
| 801 | 0 | @aCN@bQSSK@c20050719 |
| 905 | @a10447@dTP391.72-43@eZ728 | |
| 中文版AutoCAD 2004标准教程/钟华等编著.-北京:中国宇航出版社,2004.05 |
| 255页:图;26cm.-("十五"全国计算机培训教育规划标准教材) |
| ISBN 7-80144-797-2:CNY23.00 |
| 本书全面讲述了AutoCAD2004中文版的基本操作以及二维、三维图形的绘制方法,包括AutoCAD2004界面与操作、环境设置、绘制和编辑二维三维图形、对象捕捉、填充图案、文字和尺寸标注等内容。 |
| ● |
| 相关链接 |
|
|
|
正题名:中文版AutoCAD 2004标准教程
索取号:TP391.72-43/Z728
 
预约/预借
| 序号 | 登录号 | 条形码 | 馆藏地/架位号 | 状态 | 备注 |
| 1 | 525001 | 205250011 | 期刊室512/301自科库 113排1列1层/ [索取号:TP391.72-43/Z728] | 在馆 | |
| 2 | 525002 | 205250020 | 期刊室512/301自科库 113排1列1层/ [索取号:TP391.72-43/Z728] | 在馆 | |
| 3 | 525003 | 205250039 | 自科二线404/404自科库 19排5列4层/ [索取号:TP391.72-43/Z728] | 在馆 |